THE MOUNTAIN SHADOW (Record no. 11207)

MARC details
000 -LEADER
fixed length control field 00286nam a22000977a 4500
008 - FIXED-LENGTH DATA ELEMENTS--GENERAL INFORMATION
fixed length control field 181009b ||||| |||| 00| 0 eng d
020 ## - INTERNATIONAL STANDARD BOOK NUMBER
International Standard Book Number 9781408701614
100 ## - MAIN ENTRY--PERSONAL NAME
Personal name SHANTRAM
9 (RLIN) 6961
245 ## - TITLE STATEMENT
Title THE MOUNTAIN SHADOW
Remainder of title GEOGRAPHY DAVID RTOBERTS
260 ## - PUBLICATION, DISTRIBUTION, ETC. (IMPRINT)
Place of publication, distribution, etc. LONDON
Name of publisher, distributor, etc. LITTLE BROWN PUBLICATION
Date of publication, distribution, etc. 2015
Holdings
Withdrawn status Lost status Source of classification or shelving scheme Damaged status Koha normalized classification for sorting Not for loan Home library Current library Shelving location Date acquired Total Checkouts Total Holds Full call number Barcode Date last seen Date last checked out Price effective from Koha item type
    Dewey Decimal Classification   SHA_823_000000000000000   Good Samaritan School Library Good Samaritan School Library FICTION 10/09/2018 4   SHA823 SHA15166 11/22/2025 11/11/2025 10/09/2018 BOOK

Powered by Koha